000 00473nam a22001577a 4500
003 BUBTL
008 180912b xxu||||| |||| 00| 0 eng d
082 _a347
245 _aCriminal Rules And Orders :
_b(Practice and Procedure of Subordinate Courts),2009. Volume-1
260 _aDhaka :
_bThe Supreme Court of Bangladesh,
_cc2009.
300 _a313 p. :
_c24 cm.
650 0 _926
_aLaw
856 _k0
_l0
_yDownload
942 _2ddc
_cBK
999 _c5799
_d5799